| 000 | 00405nam a2200145Ia 4500 | ||
|---|---|---|---|
| 005 | 20250729165757.0 | ||
| 008 | 250729s2017 xx 000 0 und d | ||
| 041 | _akan | ||
| 082 | _a372.25 PADS | ||
| 100 |
_aDr.S.P. Padma prasad _9232739 |
||
| 245 | _aShikshanadalli mahiti mattu samvhana thantrajnana | ||
| 260 |
_aBangalore _bPrakasha Sahithya _c2017 |
||
| 300 | _a115p | ||
| 650 |
_aTechnology _9232740 |
||
| 999 |
_c239933 _d239933 |
||